Popular Roblox Games - Statistics

General Stats
  • This quiz has been taken 54 times
  • The average score is 6 of 20
Answer Stats
Hint Answer % Correct
Spooky Hotel Doors
77%
RP Brookhaven
74%
Innocent, Sheriff or Murderer Murder Mystery 2
74%
One Piece Blox Fruits
67%
Prison Breaker Jailbreak
64%
Googoo Gaga Adopt Me
56%
Pay To Win (X/99) Pet Simulator
36%
Horror game that sadly isn't getting many updates anymore... Piggy
26%
like 5 But It Cost Robux Welcome to Bloxburg
23%
NINJA sim Ninja Legends
18%
The OG Brick Fighting Game Doomspire
15%
Newcomer to the 1v1 Games Rivals
15%
The Paint Fight SHOWDOWN Big Paintball
13%
Removed and rejoining because of Pokémon Brick Bronze
13%
Realistic Fighting game with real guns Phantom Forces
10%
Six Flags Makers Theme Park Tycoon 2
8%
STRENGTH IN NUMBERS Tower Defense Simulator
8%
RP Driving game Driving Empire
5%
Build Your Dealership Car Dealership Tycoon
3%
huge EZ Parkour Mega Easy Obby
0%
No matching quizzes found
Score Distribution
Percent of People with Each Score
Percentile by Number Answered
Your Score History
You have not taken this quiz